000 00708nam a2200205Ia 4500
003 GCL
008 140319s9999 xx 000 0 ara d
040 _aGCL /
_cGCL
082 0 4 _a001.6424
_bع ت
100 1 _aعبدالعزيز ابراهيم الحرقان
245 1 0 _aتطبيقات على صخر باسيك: M.S.X /
_cعبدالعزيز ابراهيم الحرقان
260 _a[S.N] :
_bدار الراتب الجامعية
300 _a227 ص
490 _a
650 0 4 _aالحاسبات الالكترونية
650 0 4 _aباسيك
650 0 4 _aبرامج الحاسبات الالكترونية
650 0 4 _aالحاسبات الالكترونية- لغات
942 _2ddc
_cBK
999 _c55737
_d55737